000 00819nam a22001817a 4500
005 20250521104521.0
010 _aHIN-129471
020 _c600.00
_a9789355522368
035 _aHN-101817
037 _bDBAD
082 _a821
100 _a'नीरव' नेकराम
_981306
245 _aगब्बास रहा हूँ :
_cनेकराम 'नीरव'
_bउर्दू गजल संग्रह /
260 _aआगरा
_bनिखिल पब्लिशर्स एण्ड डिस्ट्रीब्यूटर्स
_c2022
270 _a37, शिवराम कृपा विष्णु कॉलोनी शाहगंज ,
_bआगरा
_e10
300 _a128पृ.
_c27सेमी. (सजिल्द)
942 _2ddc
_cHN
_h821
_mनेकरा
999 _c209630
_d209630